Quality of Life in Terms of Employment in EU Countries

Salvato in:
Dettagli Bibliografici
Autore principale: Vojtková, Mária, 1966-
Altri autori: Mihalech, Patrik, 1994-
Natura: Capitolo di libro
Lingua:inglese
Soggetti:
Tags: Aggiungi Tag
Nessun Tag, puoi essere il primo ad aggiungerne!!

MARC

LEADER 00000naa$a2200000$$$4500
001 0292154
005 20240507081636.8
041 0 |a eng 
044 |a HR 
245 1 0 |a Quality of Life in Terms of Employment in EU Countries  |c Mária Vojtková, Patrik Mihalech 
610 2 0 |a kvalita života 
610 2 0 |a zamestnanosť 
610 2 0 |a porovnanie štatistické medzinárodné 
610 2 0 |a analýza zhluková 
610 2 0 |a Európska únia 
100 1 |a Vojtková, Mária, 1966- 
700 1 |a Mihalech, Patrik, 1994-